| 000 | 00504cam a2200181ua 4500 | ||
|---|---|---|---|
| 001 | 11900 | ||
| 008 | 191120n ii |||gr||||Z||||||eng | ||
| 020 | _a9788190781237 | ||
| 040 | _cMAIN | ||
| 082 | _a404.2 | ||
| 100 |
_a Shailendra Kumar Singh . , _eEditor. |
||
| 245 |
_aRethinking multilingualism : _b issues and problems / _cEdited by Shailendra Kumar Singh . |
||
| 250 | _a1st ed. | ||
| 260 |
_aGuwahati: _bEBH Publishers, _c2009. |
||
| 300 | _a339p. | ||
| 653 | _aSpecial topics | ||
| 942 | _cBK | ||
| 999 |
_c10689 _d10689 |
||